Two Clues: 'A' Words Quiz Stats

 Plays Quiz Updated May 8, 2013

Challenge
Share
Tweet
Embed
Score 0/22 Timer 03:00
13 Plays Today
Two Clues 'A' Word % Correct
London Heathrow or O'Hare InternationalAirport
97.3%
McIntosh or Granny SmithApple
96.1%
'Star Spangled Banner' or 'God Save the Queen'Anthem
95.2%
Ant or SandlerAdam
93.3%
Acute or obtuseAngle
92.9%
Buzz Aldrin or Yang LiweiAstronaut
90.8%
747 or DC-10Airplane
89%
123 Main Street or www.sporcle.comAddress
88.4%
Madison Square Garden or Staples CenterArena
83.8%
John Wilkes Booth or Sirhan SirhanAssassin
81.9%
USA or Etc.Abbreviation
79.1%
Two Clues 'A' Word % Correct
A6 or TT CoupeAudi
78.1%
Merkel or LansburyAngela
75.1%
Leibovitz or LennoxAnnie
72.8%
Jemima or BeeAunt
70.9%
John Updike or Margaret AtwoodAuthor
65.9%
Poor Richard's or Farmer'sAlmanac
62.3%
Schweitzer or FinneyAlbert
59.7%
Le Corbusier or Frank Lloyd WrightArchitect
59.4%
Apt/Pat/Tap or Arm/Mar/RamAnagram
57.2%
Ian Darke or Brent MusburgerAnnouncer
34.8%
Ant-Man or HawkeyeAvenger
31.4%

You're not logged in!

Compare scores with friends on all Sporcle quizzes.
Join for Free
OR
Log In

You Might Also Like...

Show Comments

Extras

Top Quizzes Today


Score Distribution

Your Account Isn't Verified!

In order to create a playlist on Sporcle, you need to verify the email address you used during registration. Go to your Sporcle Settings to finish the process.

Report this User

Report this user for behavior that violates our Community Guidelines.

Details: